[Event "Western States op"]
[Site "Reno"]
[Date "2002.10.20"]
[Round "5"]
[White "Kraai, Jesse"]
[Black "Shevelev, Dmitri"]
[Result "1-0"]
[WhiteElo "2506"]
[BlackElo "2356"]
[PlyCount "87"]
[EventDate "2002.10.18"]
[EventType "swiss"]
[EventRounds "6"]
[EventCountry "USA"]
[SourceTitle "EXT 2009"]
[Source "ChessBase"]
[SourceDate "2008.11.26"]
[SourceVersion "1"]
[SourceVersionDate "2008.11.26"]
[SourceQuality "1"]

1. Nf3 g6 2. e4 Bg7 3. d4 c6 4. Bd3 d5 5. e5 Nh6 6. 0-0 0-0 7. Re1 Bg4 8. Nbd2 f6 9. h3 Bxf3 10. Nxf3 fxe5 11. Nxe5 Nf5 12. c3 Nd7 13. Nf3 c5 14. Ng5 cxd4 15. Ne6 Qb6 16. Nxf8 Rxf8 17. Bxf5 Rxf5 18. cxd4 Bxd4 19. Be3 Bxe3 20. Rxe3 Qxb2 21. Re2 Qf6 22. Rc1 Qd6 23. Qc2 d4 24. Qc4+ Kf8 25. Qc8+ Kf7 26. Qh8 Nf6 27. Rc8 Re5 28. Rxe5 Qxe5 29. Qf8+ Ke6 30. Rc1 Qd6 31. Qc8+ Qd7 32. Qc4+ Qd5 33. Re1+ Kf7 34. Qb4 Qd7 35. Rd1 e5 36. f4 Nd5 37. Qb3 Kf6 38. fxe5+ Kxe5 39. Qg3+ Kf6 40. Qf2+ Ke6 41. Qxd4 Qc6 42. Qxa7 b6 43. Qxh7 Nf4 44. Re1+ 1-0

[Event "Western States op"]
[Site "Reno"]
[Date "2002.10.19"]
[Round "4"]
[White "Khachiyan, Melikset"]
[Black "Shevelev, Dmitri"]
[Result "1/2-1/2"]
[WhiteElo "2521"]
[BlackElo "2356"]
[PlyCount "98"]
[EventDate "2002.10.18"]
[EventType "swiss"]
[EventRounds "6"]
[EventCountry "USA"]
[SourceTitle "EXT 2009"]
[Source "ChessBase"]
[SourceDate "2008.11.26"]
[SourceVersion "1"]
[SourceVersionDate "2008.11.26"]
[SourceQuality "1"]

1. e4 g6 2. d4 Bg7 3. Nc3 c6 4. Nf3 d5 5. h3 dxe4 6. Nxe4 Nf6 7. Nxf6+ exf6 8. Bc4 0-0 9. 0-0 Nd7 10. Re1 Nb6 11. Bb3 Bf5 12. Bf4 Re8 13. Rxe8+ Qxe8 14. Qd2 Qd7 15. Re1 Nd5 16. c4 Nxf4 17. Qxf4 Re8 18. Rxe8+ Qxe8 19. d5 cxd5 20. cxd5 Qe4 21. Qc7 Bf8 22. d6 Qe8 23. Qxb7 Qd7 24. Qb8 Kg7 25. Nd4 Bxd6 26. Nxf5+ gxf5 27. Qa8 Qe7 28. g3 Qe1+ 29. Kg2 Qe4+ 30. Qxe4 fxe4 31. Bd5 f5 32. g4 fxg4 33. hxg4 Kg6 34. Bxe4+ Kg5 35. Kf3 h5 36. gxh5 Kxh5 37. Ke3 Kg5 38. Kd3 f5 39. Bb7 Kf6 40. Kc4 Ke7 41. Kd5 f4 42. Bc8 Bc7 43. f3 a5 44. Bf5 Bb6 45. a3 Kd8 46. Kc6 Bd4 47. b4 axb4 48. axb4 Be3 49. b5 Bf2 1/2-1/2